Perinatal infections (Record no. 181680)
[ view plain ]
| 000 -LEADER | |
|---|---|
| fixed length control field | 01711nam a2200397 a 4500 |
| 082 04 - DEWEY DECIMAL CLASSIFICATION NUMBER | |
| Classification number | 618.3/2 |
| 245 10 - TITLE STATEMENT | |
| Title | Perinatal infections |
| 260 ## - PUBLICATION, DISTRIBUTION, ETC. (IMPRINT) | |
| Place of publication | Amsterdam ; |
| -- | New York : |
| Name of publisher | Excerpta Melica ; |
| Place of publication | New York : |
| Name of publisher | Elsevier/North Holland, |
| Year of publication | 1980. |
| 300 ## - PHYSICAL DESCRIPTION | |
| Number of Pages | xi, 292 p. : |
| Other physical details | ill. |
| 490 1# - SERIES STATEMENT | |
| Series statement | Ciba Foundation symposium (new series) ; |
| 500 ## - GENERAL NOTE | |
| General note | "Symposium on Perinatal Infections held at the Ciba Foundation, London, 27th-29th November 1979"--Participants page. |
| 650 #0 - SUBJECT ADDED ENTRY--TOPICAL TERM | |
| Topical Term | Fetus |
| Topical Term | Communicable diseases in pregnancy |
| Topical Term | Communicable diseases in newborn infants |
| Topical Term | Neonatal infections |
| 856 40 - ELECTRONIC LOCATION AND ACCESS | |
| Uniform Resource Identifier | http://site.ebrary.com/lib/rucke/Doc?id=10575530 |
No items available.
